Counties of Estonia in the 13th Century - Statistics

General Stats
  • This quiz has been taken 8 times
  • The average score is 6 of 15
Answer Stats
Hint Answer % Correct
Western Saaremaa
71%
Northern Virumaa
71%
Northern Harjumaa
57%
Western Läänemaa
57%
Northern Järvamaa
43%
Southern Sakala
43%
Southern Ugandi
43%
Central Alempois
29%
Western Hiiumaa
29%
Central Jogentagana
29%
Central Mõhu
29%
Central Nurmekund
29%
Northern Revala
29%
Central Vaiga
29%
Central Soopoolitse
0%
No matching quizzes found
Score Distribution
Percent of People with Each Score
Percentile by Number Answered
Your Score History
You have not taken this quiz